How nature speaks : the dynamics of the human ecological condition /

Bibliographic Details
Other Authors: Haila, Yrjö, Dyke, Chuck, 1938-
Format: Book
Language:English
Published: Durham : Duke University Press, 2006.
Series:New ecologies for the twenty-first century.
Subjects:
Online Access:Table of contents

MARC

Tag First Indicator Second Indicator Subfields
LEADER 00000pam a22000004a 4500
001 in00002124521
005 20151103062746.0
008 050926s2006 ncua b 001 0 eng
010 |a  2005028219 
015 |a GBA619499  |2 bnb 
016 7 |a 013392060  |2 Uk 
020 |a 0822337258 (cloth : alk. paper) 
020 |a 0822336960 (pbk. : alk. paper) 
035 |a (OCoLC)ocm61881083 
040 |a DLC  |c DLC  |d YDX  |d UKM  |d BAKER  |d UtOrBLW 
042 |a pcc 
049 |a TXAM 
050 0 0 |a GF49  |b .H69 2006 
082 0 0 |a 304.2  |2 22 
245 0 0 |a How nature speaks :  |b the dynamics of the human ecological condition /  |c edited by Yrjö Haila and Chuck Dyke. 
264 1 |a Durham :  |b Duke University Press,  |c 2006. 
300 |a viii, 334 pages :  |b illustrations ;  |c 24 cm. 
336 |a text  |b txt  |2 rdacontent 
337 |a unmediated  |b n  |2 rdamedia 
338 |a volume  |b nc  |2 rdacarrier 
490 1 |a New ecologies for the twenty-first century 
504 |a Includes bibliographical references (pages [303]-320) and index. 
505 0 |a Introduction: What to say about nature's "speech" / Yrjö Haila and Chuck Dyke -- Speaking of nature / Susan Oyama -- Natural speech : a hoary story / Chuck Dyke -- Gardens, climate changes, and cultures : an exploration into the historical nature of environmental problems / Ville Löhde -- Participative thinking : "seeing the face" and "hearing the voice" of nature / John Shotter -- Rethinking intentionality : a bourdieuian perspective / Iordanis Marcoulatos -- Fluids on the move : an analogical account of environmental mobilization / Lasse Peltonen -- Fight over the face of Tampere : a sneaking transformation of a local political field / Markus Laine -- Stand/ardization and entrainment in forest management / Ari Jokinen -- Calculating the futures : stability and change in a local energy production system / Taru Peltola -- Exploring themes about social agency through interpretation of diagrams of nature and society / Peter Taylor -- Who speaks for nature? / John O'Neill. 
650 0 |a Human ecology. 
650 0 |a Nature  |x Effect of human beings on. 
700 1 |a Haila, Yrjö. 
700 1 |a Dyke, Chuck,  |d 1938- 
830 0 |a New ecologies for the twenty-first century. 
856 4 1 |3 Table of contents  |u http://www.loc.gov/catdir/toc/ecip061/2005028219.html  |t 0 
938 |a Baker & Taylor  |b BKTY  |c 23.95  |d 23.95  |i 0822336960  |n 0006613755  |s active 
938 |a Baker & Taylor  |b BKTY  |c 84.95  |d 84.95  |i 0822337258  |n 0006613754  |s active 
945 |i PromptCat 
947 |a A14832713725 
948 |a cataloged  |b h  |c 2006/4/26  |d c  |e achopde  |f 9:45:47 am 
994 |a 92  |b TXA 
999 |a MARS 
999 f f |s 91900e76-667f-378e-b235-ff30dcc17632  |i c051ed6a-fff0-3114-a82d-42e7d9ac6445  |t 0 
952 f f |p ric  |a Texas A&M University  |b Rellis Campus  |c Joint Library Facility  |d Remote Storage  |t 0  |e GF49 .H69 2006  |h Library of Congress classification  |i unmediated -- volume  |m A14832713725 
998 f f |a GF49 .H69 2006  |t 0  |l Remote Storage